| 000 | 00627nam a2200205 a 4500 | ||
|---|---|---|---|
| 001 | 000007796 | ||
| 005 | 20200929154312.0 | ||
| 008 | 910207s1988 cu 000 0 spa | ||
| 040 |
_aDO-SdBNP _bspa _dBNPHU |
||
| 082 |
_aV863.44 _bU86ó |
||
| 100 | 1 |
_aUslar Pietri, Arturo, _d1906-2001. _912623 |
|
| 245 | 1 | 0 |
_aOficio de difuntos / _cArturo Uslar Pietri. |
| 260 |
_aLa Habana : _bArte y Literatura, _c1988. |
||
| 300 |
_a427 p. ; _c18 cm. |
||
| 490 | 1 | _aBolsilibros A. L. | |
| 650 | 4 |
_aNovela venezolana _93962 |
|
| 650 | 4 |
_aLiteratura venezolana _93816 |
|
| 830 | 0 |
_aBolsilibros A. L. _921505 |
|
| 910 | _aCatalogación derivada | ||
| 999 |
_c7574 _d7574 |
||